| 000 | 01409nam a22003857a 4500 | ||
|---|---|---|---|
| 082 |
_a297.1225 _bABD _cD |
||
| 100 |
_aAbdul Karim Parekh _946970 |
||
| 245 |
_aآسان لغات القرآن _cAbdul Karim Parekh |
||
| 260 |
_aKarachi Pakistan _bMajlis-e-Nashriat Islam |
||
| 300 | _a286 P, : | ||
| 526 |
_a0 _b0 _c0 _d297_122500000000000_ABD |
||
| 526 |
_a0 _b0 _c0 _d297_122500000000000_ABD |
||
| 526 |
_a0 _b0 _c0 _d297_122500000000000_ABD |
||
| 526 |
_a0 _b0 _c0 _d297_122500000000000_ABD |
||
| 526 |
_a0 _b0 _c0 _d297_122500000000000_ABD |
||
| 526 |
_a0 _b0 _c0 _d297_122500000000000_ABD |
||
| 526 |
_a0 _b0 _c0 _d297_122500000000000_ABD |
||
| 526 |
_a0 _b0 _c0 _d297_122500000000000_ABD |
||
| 526 |
_a0 _b0 _c0 _d297_122500000000000_ABD |
||
| 526 |
_a0 _b0 _c0 _d297_122500000000000_ABD |
||
| 526 |
_a0 _b0 _c0 _d297_122500000000000_ABD |
||
| 526 |
_a0 _b0 _c0 _d297_122500000000000_ABD |
||
| 526 |
_a0 _b0 _c0 _d297_122500000000000_ABD |
||
| 526 |
_a0 _b0 _c0 _d297_122500000000000_ABD |
||
| 526 |
_a0 _b0 _c0 _d297_122500000000000_ABD |
||
| 526 |
_a0 _b0 _c0 _d297_122500000000000_ABD |
||
| 526 |
_a0 _b0 _c0 _d297_122500000000000_ABD |
||
| 526 |
_a0 _b0 _c0 _d297_122500000000000_ABD |
||
| 526 |
_a0 _b0 _c0 _d297_122500000000000_ABD |
||
| 526 |
_a0 _b0 _c0 _d297_122500000000000_ABD |
||
| 526 |
_a0 _b0 _c0 _d297_122500000000000_ABD |
||
| 526 |
_a0 _b0 _c0 _d297_122500000000000_ABD |
||
| 650 |
_aMCE _9379 |
||
| 942 |
_2ddc _cBK |
||
| 999 |
_c550277 _d550277 |
||